<?xml version="1.0" encoding="UTF-8"?>
<record
    xmlns:xsi="http://www.w3.org/2001/XMLSchema-instance"
    xsi:schemaLocation="http://www.loc.gov/MARC21/slim http://www.loc.gov/standards/marcxml/schema/MARC21slim.xsd"
    xmlns="http://www.loc.gov/MARC21/slim">

  <leader>01106cam a22002535a 4500</leader>
  <controlfield tag="003">OSt</controlfield>
  <controlfield tag="005">20150824104506.0</controlfield>
  <controlfield tag="008">101220s1987    su|||||frb|| 000 0 aaradd</controlfield>
  <datafield tag="040" ind1=" " ind2=" ">
    <subfield code="a">EG-ScBUE</subfield>
    <subfield code="b">ara</subfield>
    <subfield code="c">EG-ScBUE</subfield>
  </datafield>
  <datafield tag="082" ind1="0" ind2="4">
    <subfield code="a">636.2</subfield>
    <subfield code="b">&#x633; &#x631; &#x627;</subfield>
    <subfield code="2">22</subfield>
  </datafield>
  <datafield tag="100" ind1="1" ind2=" ">
    <subfield code="a">&#x633;&#x631;&#x627;&#x642;&#x628;&#x64A; &#x60C; &#x645;&#x62D;&#x645;&#x62F; &#x628;&#x62F;&#x631;</subfield>
    <subfield code="9">21569</subfield>
  </datafield>
  <datafield tag="245" ind1=" " ind2=" ">
    <subfield code="a">&#x645;&#x648;&#x633;&#x648;&#x639;&#x629; &#x636;&#x631;&#x648;&#x639; &#x627;&#x644;&#x623;&#x628;&#x642;&#x627;&#x631; &#x627;&#x644;&#x639;&#x644;&#x645;&#x64A;&#x629; :</subfield>
    <subfield code="b">&#x62A;&#x634;&#x631;&#x64A;&#x62D; &#x627;&#x644;&#x636;&#x631;&#x639; - &#x648;&#x638;&#x64A;&#x641;&#x62A;&#x647; - &#x623;&#x645;&#x631;&#x627;&#x636;&#x647; - &#x645;&#x639;&#x627;&#x644;&#x62C;&#x627;&#x62A;&#x647; &#x648;&#x627;&#x644;&#x639;&#x64A;&#x648;&#x628; &#x648;&#x627;&#x644;&#x634;&#x648;&#x627;&#x626;&#x628; &#x627;&#x644;&#x62A;&#x64A; &#x62A;&#x635;&#x64A;&#x628; &#x644;&#x628;&#x646; &#x627;&#x644;&#x623;&#x628;&#x642;&#x627;&#x631; &#x648;&#x627;&#x644;&#x623;&#x636;&#x631;&#x627;&#x631; &#x627;&#x644;&#x62A;&#x64A; &#x64A;&#x633;&#x628;&#x628;&#x647;&#x627; &#x623;&#x648; &#x64A;&#x646;&#x642;&#x644;&#x647;&#x627; &#x625;&#x644;&#x649; &#x627;&#x644;&#x627;&#x646;&#x633;&#x627;&#x646; /</subfield>
    <subfield code="c">&#x62A;&#x623;&#x644;&#x64A;&#x641; &#x62A;&#x631;&#x643;&#x64A; &#x645;&#x62D;&#x645;&#x62F; &#x628;&#x62F;&#x631; &#x633;&#x631;&#x627;&#x642;&#x628;&#x64A; .</subfield>
  </datafield>
  <datafield tag="250" ind1=" " ind2=" ">
    <subfield code="a">&#x637;.1</subfield>
  </datafield>
  <datafield tag="260" ind1=" " ind2=" ">
    <subfield code="a">&#x627;&#x644;&#x631;&#x64A;&#x627;&#x636; :</subfield>
    <subfield code="b">&#x62F;&#x627;&#x631; &#x62D;&#x633;&#x627;&#x646; &#x60C;</subfield>
    <subfield code="c">1987.</subfield>
  </datafield>
  <datafield tag="300" ind1=" " ind2=" ">
    <subfield code="a">242 &#x635; :</subfield>
    <subfield code="b">&#x627;&#x64A;&#x636; &#x61B;</subfield>
    <subfield code="c">24 &#x633;&#x645;.</subfield>
  </datafield>
  <datafield tag="504" ind1=" " ind2=" ">
    <subfield code="a">&#x64A;&#x634;&#x62A;&#x645;&#x644; &#x639;&#x644;&#x649; &#x625;&#x631;&#x62C;&#x627;&#x639;&#x627;&#x62A; &#x628;&#x628;&#x644;&#x64A;&#x648;&#x62C;&#x631;&#x627;&#x641;&#x64A;&#x629; : &#x635;. 241-242.</subfield>
  </datafield>
  <datafield tag="541" ind1=" " ind2=" ">
    <subfield code="a">&#x625;&#x647;&#x62F;&#x627;&#x621; &#x61B;</subfield>
    <subfield code="c">&#x645;&#x643;&#x62A;&#x628;&#x629; &#x627;&#x644;&#x625;&#x633;&#x643;&#x646;&#x62F;&#x631;&#x64A;&#x629; &#x61B;</subfield>
  </datafield>
  <datafield tag="590" ind1=" " ind2=" ">
    <subfield code="a">doaa mohamed</subfield>
  </datafield>
  <datafield tag="650" ind1=" " ind2=" ">
    <subfield code="a">&#x627;&#x644;&#x628;&#x642;&#x631;</subfield>
    <subfield code="9">21570</subfield>
    <subfield code="2">BUEsh</subfield>
  </datafield>
  <datafield tag="650" ind1=" " ind2=" ">
    <subfield code="a">&#x627;&#x644;&#x644;&#x628;&#x646;</subfield>
    <subfield code="9">21571</subfield>
    <subfield code="2">BUEsh</subfield>
  </datafield>
  <datafield tag="651" ind1=" " ind2=" ">
    <subfield code="2">BUEsh</subfield>
  </datafield>
  <datafield tag="653" ind1=" " ind2=" ">
    <subfield code="c">August2015</subfield>
  </datafield>
  <datafield tag="942" ind1=" " ind2=" ">
    <subfield code="c">BB</subfield>
    <subfield code="k">636.2 &#x633; &#x631;&#x627;</subfield>
    <subfield code="2">ddc</subfield>
  </datafield>
  <datafield tag="999" ind1=" " ind2=" ">
    <subfield code="c">6356</subfield>
    <subfield code="d">6356</subfield>
  </datafield>
  <datafield tag="952" ind1=" " ind2=" ">
    <subfield code="0">0</subfield>
    <subfield code="1">0</subfield>
    <subfield code="2">ddc</subfield>
    <subfield code="4">0</subfield>
    <subfield code="7">0</subfield>
    <subfield code="8">Donation-G</subfield>
    <subfield code="a">MAIN</subfield>
    <subfield code="b">MAIN</subfield>
    <subfield code="c">1ST</subfield>
    <subfield code="d">2011-01-13</subfield>
    <subfield code="e">Donation</subfield>
    <subfield code="o">636.2 &#x633; &#x631; &#x627;</subfield>
    <subfield code="p">000007911</subfield>
    <subfield code="r">2025-07-15 00:00:00</subfield>
    <subfield code="y">BB</subfield>
  </datafield>
  <datafield tag="952" ind1=" " ind2=" ">
    <subfield code="0">0</subfield>
    <subfield code="1">0</subfield>
    <subfield code="2">ddc</subfield>
    <subfield code="4">0</subfield>
    <subfield code="7">0</subfield>
    <subfield code="8">Donation-G</subfield>
    <subfield code="a">MAIN</subfield>
    <subfield code="b">MAIN</subfield>
    <subfield code="c">1ST</subfield>
    <subfield code="d">2011-01-13</subfield>
    <subfield code="e">Donation</subfield>
    <subfield code="o">636.2 &#x633; &#x631; &#x627;</subfield>
    <subfield code="p">000007914</subfield>
    <subfield code="r">2025-07-15 00:00:00</subfield>
    <subfield code="y">BB</subfield>
  </datafield>
</record>
